<?xml version="1.0" encoding="UTF-8"?>
<record
    xmlns:xsi="http://www.w3.org/2001/XMLSchema-instance"
    xsi:schemaLocation="http://www.loc.gov/MARC21/slim http://www.loc.gov/standards/marcxml/schema/MARC21slim.xsd"
    xmlns="http://www.loc.gov/MARC21/slim">

  <leader>00910nas a2200253 i 4500</leader>
  <controlfield tag="001">1025</controlfield>
  <controlfield tag="003">ES-MaACL</controlfield>
  <controlfield tag="005">20250729062609.0</controlfield>
  <controlfield tag="007">t|</controlfield>
  <controlfield tag="008">950801c1960    ve  |         |  1 ||pa d</controlfield>
  <datafield tag="080" ind1=" " ind2=" ">
    <subfield code="a">87</subfield>
  </datafield>
  <datafield tag="245" ind1="0" ind2="0">
    <subfield code="a">Documentos </subfield>
    <subfield code="b">: revista de informaci&#xF3;n pol&#xED;tica / </subfield>
    <subfield code="c">Instituto de Estudios Pol&#xED;ticos.</subfield>
  </datafield>
  <datafield tag="260" ind1=" " ind2=" ">
    <subfield code="a">Caracas : </subfield>
    <subfield code="b">Instituto de Estudios Pol&#xED;ticos, Universidad Central de Venezuela, </subfield>
    <subfield code="c">1960-</subfield>
  </datafield>
  <datafield tag="300" ind1=" " ind2=" ">
    <subfield code="a">5 v. ; </subfield>
    <subfield code="c">23 cm.</subfield>
  </datafield>
  <datafield tag="310" ind1=" " ind2=" ">
    <subfield code="a">Cuatrimestral</subfield>
  </datafield>
  <datafield tag="362" ind1="0" ind2=" ">
    <subfield code="a">N. 1 (1960)-</subfield>
  </datafield>
  <datafield tag="650" ind1=" " ind2="7">
    <subfield code="a">Pol&#xED;tica</subfield>
    <subfield code="2">embne</subfield>
    <subfield code="9">140345</subfield>
  </datafield>
  <datafield tag="710" ind1="2" ind2=" ">
    <subfield code="a">Instituto de Estudios Pol&#xED;ticos (Madrid) (</subfield>
    <subfield code="c">Caracas)</subfield>
    <subfield code="9">227583</subfield>
  </datafield>
  <datafield tag="710" ind1="2" ind2=" ">
    <subfield code="a">Universidad Central de Venezuela.</subfield>
    <subfield code="9">7083</subfield>
  </datafield>
  <datafield tag="852" ind1=" " ind2=" ">
    <subfield code="a">ES-MaACL</subfield>
    <subfield code="j">HEM-H-354 </subfield>
    <subfield code="d">Olim: Hem-1620 </subfield>
    <subfield code="9">1049</subfield>
    <subfield code="z">Expurgada marzo 2025; posterior a 1958; muy incompleta; completa colecci&#xF3;n de BNE.</subfield>
  </datafield>
  <datafield tag="866" ind1=" " ind2="0">
    <subfield code="o">1960-61.</subfield>
  </datafield>
  <datafield tag="942" ind1=" " ind2=" ">
    <subfield code="2">udc</subfield>
  </datafield>
  <datafield tag="999" ind1=" " ind2=" ">
    <subfield code="c">1025</subfield>
    <subfield code="d">1025</subfield>
  </datafield>
</record>
